| 000 | 01131nam a2200277 a 4500 | ||
|---|---|---|---|
| 001 | 65464 | ||
| 003 | BD-RjUL | ||
| 005 | 20211209081429.0 | ||
| 008 | 170306s1989 bg a|||| |||| 00| 0 ben d | ||
| 020 | _c Tk. : 15.00 | ||
| 035 | _a(BD-RjUL)65594 | ||
| 040 |
_aBD-RjUL _bben _cBD-RjUL |
||
| 041 | _aben | ||
| 082 |
_223 _a891.44092 _bRAD 1989 |
||
| 100 | 1 |
_aরহমান, এস. এম. লুৎফর _9175786 |
|
| 245 | 1 | 0 |
_aদুদ্দু শাহ : _b১৭৯৬-১৯০৭ / _cএস. এম. লুৎফর রহমান. |
| 260 |
_aঢাকা, বাংলাদেশ : _bবাংলা একাডেমী, _c১৯৮৯. |
||
| 300 |
_a১০৮ পৃ. : _bচিত্র ; _c২২ সেমি. |
||
| 490 | _aজীবনী গ্রন্থমালা | ||
| 600 |
_aশাহ , দুদ্দু, _d১৭৯৬-১৯০৭ _9194072 |
||
| 600 |
_aShah, Duddu, _d1796-1907 _9194073 |
||
| 650 |
_aবাংলা লেখক _xজীবনী _9193742 |
||
| 650 |
_aBengali authors _xbiography _9193743 |
||
| 830 |
_aজীবনী গ্রন্থমালা _9194075 |
||
| 942 |
_2ddc _cBK |
||
| 999 |
_c65464 _d65464 |
||